| 000 | 00571nam a2200205Ia 4500 | ||
|---|---|---|---|
| 005 | 20260429111838.0 | ||
| 008 | 260429s9999||||xx |||||||||||||| ||und|| | ||
| 020 | _a9788119662418 | ||
| 041 | _aEnglish | ||
| 082 |
_a658.15 _bJAY |
||
| 100 | _aJayapandian, S. | ||
| 245 | 0 |
_aAccounting for managers : _beffective techniques for decision making / _cS. Jayapandian |
|
| 250 | _a3rd ed. | ||
| 260 |
_aNew Delhi : _bAne Books, _c2025. |
||
| 300 | _axiii, 628 p.; hb | ||
| 650 | _a Accounts | ||
| 650 | _a Managerial accounting | ||
| 650 | _aManagement | ||
| 942 | _cTB | ||
| 999 |
_c51132 _d51132 |
||